UBT Library

MATTHEW CARR THE INFERNAL MACHINE (Record no. 15026)

000 -LEADER
fixed length control field 00298nam a22001337a 4500
008 - FIXED-LENGTH DATA ELEMENTS--GENERAL INFORMATION
fixed length control field 170530b xxu||||| |||| 00| 0 eng d
020 ## - INTERNATIONAL STANDARD BOOK NUMBER
International Standard Book Number 9781595581792
041 ## - LANGUAGE CODE
Language code of text/sound track or separate title eng
080 ## - UNIVERSAL DECIMAL CLASSIFICATION NUMBER
Universal Decimal Classification number 94
100 ## - Rafti
Rafti 17
101 ## - Shkurtesa
Shkurtesa SHH
245 ## - TITLE STATEMENT
Title MATTHEW CARR THE INFERNAL MACHINE
Statement of responsibility, etc CARR,M
942 ## - ADDED ENTRY ELEMENTS (KOHA)
Source of classification or shelving scheme
Item type Books
Holdings
Withdrawn status Lost status Source of classification or shelving scheme Damaged status Not for loan Collection code Permanent location Current location Shelving location Date acquired Total Checkouts Full call number Barcode Date last seen Price effective from Koha item type
          Koleksioni i përgjithshem UBT - Lipjan UBT - Lipjan Koleksioni i përgjithshem 05/30/2017   94 CAR 002-288972 05/30/2017 05/30/2017 Books
UBT Library © 2015-2024. All rights reserved University Education for Business and Technology